03087nab a2200301uuc4500001000800000005001700008008004100025035001200066040001300078041000800091100005000099245005900149520198800208650004002196650001902236650004902255650003502304650003402339650002802373700003902401700004602440700005402486700004502540700004802585773012302633942001002756999001902766153233120240202132658.0190820e20180305 eng  a1532331 ccomduadb aeng10aCañadas López, Álvaro4auteaut974262310aGap edge attributes in Neotropical rainforest, Ecuador3 aAplicar la teoría de la dinámica de parches parece ser una opción prometedora para el manejo y conservación de los bosques tropicales. En el presente estudio se analizó la distribución espacial y el tamaño de los parches en relación con: i) el número de árboles en el borde del parche, ii) el número de especies arbóreas en el parche iii) número de especies arbóreas por tronco en el borde del parche, iv) similitud de las especies, v) uniformidad de las especies en el borde del parche, vi) separación del tamaño en el borde del parche, vii) aislamiento del parche y viii) borde del parche. Nuestros resultados demostraron que la distribución espacial de los parches fue aleatoria. Varios atributos de la vegetación se asociaron fuertemente con el tamaño del parche. El número de especies de árboles por fuste en el borde del parche se correlacionó negativamente con el tamaño del parche. Asumiendo que, nuestros resultados fueron representativos de un bosque neotropical en el Ecuador, nuestro estudio respalda las siguientes recomendaciones: 1) Este tipo de bosque húmedo tiene una diversidad espacial y estructural muy compleja; por lo tanto, las actividades de explotación forestal deberían omitirse, ya que afectarán negativamente sus estructuras. 2) Si la tala es inevitable, entonces deberían imitarse las estructuras naturales descritas en este estudio. Es decir, i) una selección aleatoria de especies de árboles a cosechar, con el fin de evitar la selección específica por dimensiones del arbolado o por especies, ii) en la distribución aleatoria de árboles debe tomarse en cuenta que los parches sean menores a 50 m2y jamás mayores a 400 m2. Adicionalmente, se recomienda no cortar más del 5 % de la biomasa arbórea en cada período de corta de entre 10 a 20 años, para evitar alteraciones mayores en los procesos del ecosistema y la reducción de madera muerta existente en estos ecosistemas. aBosques tropicales húmedos970484 aEcuador924714 aConservación de bosques tropicales9196235 aDistribución espacial968074 aDinámica de parches9229730 aBiomasa forestal92075110aRade Loor, Diana4auteaut974692610aAndrade Candell, Joffre4auteaut978883910aHernández Díaz, José Ciro4auteaut979008310aMolina Hidrovo, Carlos4auteaut973121410aZambrano Zambrano, Marcos4auteaut97888050 tRevista de Biología Tropical (San José)gVolumen 66, Número 01, Marzo de 2018, 149-163w104773x0034-7744091049 cARIMP c805459d805459